|
|
|
|
| LEADER |
00000cam a22000004a 4500 |
| 001 |
musev2_56673 |
| 003 |
MdBmJHUP |
| 005 |
20230905045819.0 |
| 006 |
m o d |
| 007 |
cr||||||||nn|n |
| 008 |
160620s2017 ilu o 00 0 eng d |
| 010 |
|
|
|z 2016028668
|
| 020 |
|
|
|a 9781609092184
|
| 020 |
|
|
|z 9781501752872
|
| 020 |
|
|
|z 9780875807638
|
| 035 |
|
|
|a (OCoLC)952139356
|
| 040 |
|
|
|a MdBmJHUP
|c MdBmJHUP
|
| 100 |
1 |
|
|a Schuitema, Adam,
|e author.
|
| 240 |
1 |
0 |
|a Short stories.
|k Selections
|
| 245 |
1 |
4 |
|a The Things We Do That Make No Sense :
|b Stories /
|c stories by Adam Schuitema.
|
| 264 |
|
1 |
|a DeKalb, IL :
|b Switchgrass Books, Northern Illinois University Press,
|c [2017]
|
| 264 |
|
3 |
|a Baltimore, Md. :
|b Project MUSE,
|c 2017
|
| 264 |
|
4 |
|c ©[2017]
|
| 300 |
|
|
|a 1 online resource (178 pages).
|
| 336 |
|
|
|a text
|b txt
|2 rdacontent
|
| 337 |
|
|
|a computer
|b c
|2 rdamedia
|
| 338 |
|
|
|a online resource
|b cr
|2 rdacarrier
|
| 505 |
0 |
|
|a All of your vanished men -- Peering through blinds -- Witch whistle -- Gunplay -- Tracking the Jack Pine Savage -- Pink blood -- Stone dust -- The first seizure -- Last year's palms -- Third-down conversions -- Virgin lands -- Say not really -- Light years -- Coronations -- Mercy mercy me.
|
| 588 |
|
|
|a Description based on print version record.
|
| 650 |
|
7 |
|a Short stories, American
|2 fast
|0 (OCoLC)fst01117064
|
| 650 |
|
6 |
|a Nouvelles americaines
|z Michigan.
|
| 650 |
|
0 |
|a Short stories, American
|z Michigan.
|
| 651 |
|
7 |
|a Michigan
|2 fast
|0 (OCoLC)fst01208387
|
| 655 |
|
7 |
|a Nouvelles.
|2 rvmgf
|
| 655 |
|
7 |
|a Short stories.
|2 lcgft
|
| 655 |
|
7 |
|a Short stories
|2 fast
|0 (OCoLC)fst01726740
|
| 655 |
|
7 |
|a short stories.
|2 aat
|
| 655 |
|
7 |
|a Electronic books.
|2 local
|
| 710 |
2 |
|
|a Project Muse.
|e distributor
|
| 830 |
|
0 |
|a Book collections on Project MUSE.
|
| 856 |
4 |
0 |
|z Texto completo
|u https://projectmuse.uam.elogim.com/book/56673/
|
| 945 |
|
|
|a Project MUSE - Custom Collection
|
| 945 |
|
|
|a Project MUSE - 2017 Complete
|
| 945 |
|
|
|a Project MUSE - 2017 Poetry, Fiction and Creative Non-Fiction
|